Normal view
MARC view
- Azam Masood
Entry Personal Name
001 - CONTROL NUMBER
- control field: 126569
003 - CONTROL NUMBER IDENTIFIER
- control field: NUST
005 - DATE AND TIME OF LATEST TRANSACTION
- control field: 20241029115635.0
008 - FIXED-LENGTH DATA ELEMENTS
- fixed length control field: 241029|| aca||aabn | a|a d
040 ## - CATALOGING SOURCE
- Original cataloging agency: NUST
- Transcribing agency: NUST
100 ## - HEADING--PERSONAL NAME
- Personal name: Azam Masood
670 ## - SOURCE DATA FOUND
- Source citation: Work cat.: (NUST)232243: Azam Masood , Flood risk management of nullah lai, 2015.
